| 000 | 00698nam a22002292 4500 | ||
|---|---|---|---|
| 001 | 0000004766 | ||
| 005 | 20151217151941.0 | ||
| 008 | 070529s xx 000 0 eng d | ||
| 020 |
_a1588740633 : _cKES 1,300 |
||
| 040 |
_aKABU _cKABU |
||
| 050 | 0 |
_aQL605 _b.W37 2001 |
|
| 100 | 1 |
_aWaring, George H. _@0000155558 |
|
| 245 | 1 | 0 |
_aVertebrates zoology : _blaboratory exercises / _cGeorge H. Waring and Brooks M. Burr. |
| 250 | _a2nd ed. | ||
| 260 |
_aChampaign, III : _bStipes Publishing, _c2001. |
||
| 300 | _a79 p. | ||
| 650 | 0 |
_aVertebrates. _@0000045948 |
|
| 700 | 1 |
_aBurr, Brooks M. _@0000155559 |
|
| 908 | _a070529 | ||
| 950 | _@1 | ||
| 999 |
_c6648 _d6648 |
||